[Event "zonal 1.5"]
[Site "Panormo GRE"]
[Date "1998.10.28"]
[Round "5"]
[White "Mastrovasilis, Athanasios"]
[Black "Bras, Emanouel"]
[Result "1-0"]
[WhiteElo "2315"]
[BlackElo "2105"]
[EventDate "1998.10.24"]
[PlyCount "164"]

1.d4 d5 2.c4 c6 3.Nf3 Nf6 4.e3 Bg4 5.Qb3 Qc7 6.Ne5 Bf5 7.cxd5 cxd5 8.Nc3 
e6 9.Bb5+ Nfd7 10.Bd2 Nc6 11.Nxd7 Qxd7 12.Rc1 Bd6 13.Na4 O-O 14.Nc5 Bxc5 
15.Rxc5 Rfc8 16.O-O a6 17.Be2 Ne7 18.Rfc1 Rxc5 19.Rxc5 Rc8 20.Qb6 Rxc5 21.
Qxc5 h6 22.Bb4 Nc6 23.Bc3 Qe7 24.Qb6 Qd7 25.a4 Ne7 26.Bd1 Nc8 27.Qc5 b6 
28.Qa3 Qd6 29.Qb3 Qc6 30.Be2 a5 31.f3 Nd6 32.Kf2 Bg6 33.g3 f5 34.Qa3 Be8 
35.Bd1 Kf7 36.h3 b5 37.axb5 Nxb5 38.Qxa5 Qc4 39.Be2 Qb3 40.Ke1 Nxc3 41.
Qxc3 Qxc3+ 42.bxc3 g5 43.Kd2 Ke7 44.Ba6 Bd7 45.f4 gxf4 46.exf4 h5 47.Be2 
Be8 48.Kc2 Kd6 49.Kb3 Kc6 50.Kb4 Kd6 51.Ka5 Bf7 52.Kb6 Bg6 53.Kb7 Kd7 54.
h4 Bf7 55.Bb5+ Kd8 56.Kb6 Bg6 57.Kc5 Ke7 58.Be2 Bf7 59.c4 dxc4 60.Bxc4 Be8
61.Be2 Bf7 62.Bf3 Be8 63.Bd1 Bf7 64.Ba4 Bg6 65.d5 exd5 66.Kxd5 Kf6 67.Kd6 
Bf7 68.Bc6 Bg6 69.Kd7 Bf7 70.Bf3 Be6+ 71.Ke8 Kg6 72.Ke7 Bc4 73.Kd6 Bb3 74.
Be2 Bf7 75.Ke5 Be8 76.Bc4 Ba4 77.Bd3 Bd7 78.Kd6 Ba4 79.Ke6 Bb3+ 80.Ke5 Bd1
81.Bxf5+ Kh6 82.Kf6 Bg4 1-0

[Event "zonal 1.5"]
[Site "Panormo GRE"]
[Date "1998.10.29"]
[Round "6"]
[White "Atalik, Suat"]
[Black "Duric, Stefan"]
[Result "0-1"]
[WhiteElo "2585"]
[BlackElo "2500"]
[EventDate "1998.10.24"]
[PlyCount "80"]

1.d4 Nf6 2.c4 e6 3.Nc3 d5 4.Nf3 Nbd7 5.cxd5 exd5 6.Bf4 c6 7.Qc2 Be7 8.h3 
Nf8 9.e3 Ng6 10.Bh2 Bd6 11.Bxd6 Qxd6 12.Bd3 Be6 13.O-O O-O 14.Ng5 Bd7 15.
b4 Rfe8 16.Rad1 Rad8 17.Rfe1 Qe7 18.a3 Nh5 19.f4 Qd6 20.Nf3 Nf6 21.Ne5 b6 
22.g4 Bc8 23.Qa4 b5 24.Qxa7 Nd7 25.Bxg6 hxg6 26.Kg2 g5 27.Nxd7 Rxd7 28.Qc5
Qh6 29.f5 Rde7 30.e4 dxe4 31.d5 cxd5 32.Nxd5 Re5 33.Qxb5 e3 34.Kh2 Re4 35.
Nxe3 Ba6 36.Qc5 Bb7 37.Rd3 Qf6 38.Qc2 Qe5+ 39.Kg1 Qg3+ 40.Kf1 Rf4+ 0-1

[Event "zonal 1.5"]
[Site "Panormo GRE"]
[Date "1998.10.29"]
[Round "6"]
[White "Dervishi, Erald"]
[Black "Vaganian, Rafael"]
[Result "0-1"]
[WhiteElo "2430"]
[BlackElo "2630"]
[EventDate "1998.10.24"]
[PlyCount "90"]

1.e4 e6 2.d4 d5 3.Nd2 c5 4.exd5 exd5 5.Bb5+ Bd7 6.Qe2+ Be7 7.Ngf3 Nf6 8.
dxc5 O-O 9.Nb3 Re8 10.Be3 a6 11.Bd3 Ba4 12.Nfd4 Bxb3 13.Nxb3 Nbd7 14.O-O-O
Nxc5 15.Qf3 Na4 16.Qh3 g6 17.Rhe1 Bf8 18.Qh4 b5 19.Bd4 Rxe1 20.Rxe1 Bg7 
21.g4 Qd6 22.Be5 Qb6 23.Bd4 Qc6 24.g5 Nh5 25.Bxg7 Nxg7 26.f4 Re8 27.Nd4 
Qd6 28.Rxe8+ Nxe8 29.Qf2 Ng7 30.a3 Nc5 31.Ne2 Nge6 32.h4 b4 33.axb4 Nxd3+ 
34.cxd3 Qxb4 35.d4 Qc4+ 36.Kd2 Qb3 37.Kc1 Qd3 38.Qe1 h5 39.Qd2 Qe4 40.Qc2 
Qe3+ 41.Qd2 Qf2 42.Kd1 Qxh4 43.Qe3 Qh1+ 44.Kd2 Qb1 45.Qh3 Qe4 0-1

[Event "zonal 1.5"]
[Site "Panormo GRE"]
[Date "1998.10.29"]
[Round "6"]
[White "Solak, Dragan"]
[Black "Minasian, Artashes"]
[Result "0-1"]
[WhiteElo "2425"]
[BlackElo "2620"]
[EventDate "1998.10.24"]
[PlyCount "40"]

1.e4 b6 2.d4 Bb7 3.Bd3 Nf6 4.Qe2 e6 5.Nf3 c5 6.c3 d5 7.e5 Nfd7 8.Ng5 Be7 
9.Qg4 Ba6 10.Bc2 cxd4 11.cxd4 Nc6 12.Nc3 Nxd4 13.Qxd4 Bxg5 14.Qa4 Bxc1 15.
Rxc1 Qg5 16.Kd1 Qxg2 17.Re1 Qf3+ 18.Kd2 Qxf2+ 19.Kd1 Bc4 20.b3 Qd4+ 0-1

[Event "zonal 1.5"]
[Site "Panormo GRE"]
[Date "1998.10.29"]
[Round "6"]
[White "Lputian, Smbat"]
[Black "Kofidis, Andreas"]
[Result "1-0"]
[WhiteElo "2615"]
[BlackElo "2380"]
[EventDate "1998.10.24"]
[PlyCount "105"]

1.d4 Nf6 2.c4 d6 3.Nf3 g6 4.Nc3 Bg7 5.e4 O-O 6.Be2 Bg4 7.Be3 e5 8.d5 c5 9.
h3 Bd7 10.g4 Na6 11.Nd2 Nc7 12.a3 b6 13.Nf1 Qb8 14.b4 Qc8 15.Ng3 Rb8 16.
Qd2 Kh8 17.g5 Ng8 18.h4 Ne7 19.h5 Kg8 20.f3 Ne8 21.Bd3 f5 22.gxf6 Nxf6 23.
Qh2 Be8 24.h6 Bh8 25.Kd2 Rf7 26.Nb5 Qd8 27.Bf1 a6 28.Nc3 Bd7 29.Rb1 Qc8 
30.Rb2 Qc7 31.Be2 Rff8 32.Rhb1 Rfc8 33.Bf1 Kf7 34.Rb3 b5 35.bxc5 dxc5 36.
Ke1 Ne8 37.cxb5 axb5 38.Nxb5 Bxb5 39.Rxb5 Nd6 40.Rxb8 Rxb8 41.Rxb8 Qxb8 
42.Qc2 Bf6 43.Bxc5 Bh4 44.Bf2 Bg5 45.Ne2 Bxh6 46.Bg3 Bg7 47.f4 Ne8 48.Bh3 
exf4 49.Be6+ Kf8 50.Bxf4 Be5 51.Bxe5 Qxe5 52.Qc3 Qxc3+ 53.Nxc3 1-0

[Event "zonal 1.5"]
[Site "Panormo GRE"]
[Date "1998.10.29"]
[Round "6"]
[White "Tosic, Miroslav"]
[Black "Cela, Altin"]
[Result "0-1"]
[WhiteElo "2525"]
[BlackElo "2450"]
[EventDate "1998.10.24"]
[PlyCount "170"]

1.Nf3 Nf6 2.g3 g6 3.Bg2 Bg7 4.O-O O-O 5.c4 d6 6.Nc3 Nc6 7.h3 e5 8.d3 h6 9.
e4 Nh7 10.Nd5 Be6 11.Be3 Nd4 12.Nxd4 exd4 13.Bd2 c6 14.Nf4 Bd7 15.b4 Ng5 
16.Kh2 Kh7 17.h4 Ne6 18.Nh3 Nc7 19.Bf4 Qe7 20.Qc1 Rfc8 21.Re1 a5 22.c5 Ne8
23.cxd6 Nxd6 24.Qc5 Bf8 25.Qxd4 Nb5 26.Qb6 axb4 27.e5 Be6 28.a4 bxa3 29.
Rec1 Qd8 30.Qe3 Nd4 31.Be4 Nb3 32.h5 Qd4 33.hxg6+ fxg6 34.Qf3 Be7 35.Rh1 
Rh8 36.Kg2 Kg7 37.Be3 Qxe5 38.Nf4 Bf7 39.Rab1 a2 40.Rxb3 Bxb3 41.Nxg6 Qf6 
42.Nxe7 Qxf3+ 43.Kxf3 Kf7 44.Ng6 Rhe8 45.Bd4 Rxe4 46.Nh8+ Rxh8 47.dxe4 Rd8
48.Ke3 Bc2 49.Ba1 Rd3+ 50.Kf4 Kg6 51.Rc1 Bb1 52.f3 h5 53.Rc5 Rd1 54.Rg5+ 
Kf7 55.Rg7+ Ke6 56.Rg6+ Kd7 57.Rg7+ Kc8 58.Be5 Bd3 59.Rg8+ Kd7 60.Rg7+ Ke6
61.Rg6+ Kf7 62.Rg7+ Ke6 63.Rg6+ Kf7 64.Rg7+ Kf8 65.Rd7 Be2 66.Rxb7 a1=Q 
67.Bxa1 Rxa1 68.Rc7 Ra3 69.Rxc6 Rxf3+ 70.Ke5 Rxg3 71.Rc7 Bg4 72.Kf4 Rf3+ 
73.Kg5 Rf7 74.Rc6 Ke7 75.Ra6 Rf1 76.Rh6 Kf7 77.Ra6 Kg7 78.Rg6+ Kf7 79.Ra6 
Ke7 80.Rh6 Rd1 81.Ra6 Rd6 82.Ra8 Re6 83.Kf4 Kf6 84.Rg8 Bd1 85.Rg5 Rxe4+ 
0-1

[Event "zonal 1.5"]
[Site "Panormo GRE"]
[Date "1998.10.29"]
[Round "6"]
[White "Minasian, Ara"]
[Black "Drasko, Milan"]
[Result "0-1"]
[WhiteElo "2450"]
[BlackElo "2515"]
[EventDate "1998.10.24"]
[PlyCount "56"]

1.e4 e6 2.d4 d5 3.Nc3 Bb4 4.e5 Ne7 5.Bd2 c5 6.dxc5 Nbc6 7.Qg4 O-O 8.Nf3 
Ng6 9.Bd3 Bxc5 10.Qh5 Nb4 11.Ng5 Nxd3+ 12.cxd3 h6 13.Nf3 Bd7 14.g4 f6 15.
d4 Be8 16.Qh3 Bb6 17.g5 fxg5 18.Qxe6+ Kh7 19.Qh3 Nf4 20.Bxf4 Rxf4 21.Rg1 
g4 22.Rxg4 Bd7 23.e6 Bxe6 24.Rxg7+ Kxg7 25.Qxe6 Qe8 26.Qe5+ Qxe5+ 27.Nxe5 
Rxd4 28.Nf3 Rf4 0-1

[Event "zonal 1.5"]
[Site "Panormo GRE"]
[Date "1998.10.29"]
[Round "6"]
[White "Kovacevic, Aleksandar"]
[Black "Tzermiadianos, Andreas"]
[Result "0-1"]
[WhiteElo "2495"]
[BlackElo "2465"]
[EventDate "1998.10.24"]
[PlyCount "156"]

1.e4 c5 2.Nf3 Nc6 3.d4 cxd4 4.Nxd4 Nf6 5.Nc3 e5 6.Ndb5 d6 7.Bg5 a6 8.Na3 
b5 9.Bxf6 gxf6 10.Nd5 f5 11.c3 Bg7 12.exf5 Bxf5 13.Nc2 O-O 14.Nce3 Bd7 15.
Bd3 f5 16.Bc2 e4 17.f4 Kh8 18.O-O Ne7 19.Nxe7 Qxe7 20.Kh1 Be6 21.Bb3 a5 
22.Bxe6 Qxe6 23.Nd5 Rac8 24.Qd2 Rc5 25.Rad1 b4 26.cxb4 axb4 27.Nxb4 e3 28.
Qe2 d5 29.Rc1 Rxc1 30.Rxc1 d4 31.Kg1 Qd6 32.Nd3 Qa6 33.b3 Qd6 34.Rc4 Re8 
35.Rc5 Qe6 36.Rc7 Qe4 37.h3 Bh6 38.Qh5 Rg8 39.Rc2 Bxf4 40.Qf7 Bh6 41.Qh5 
Bg7 42.Qe2 Be5 43.Rc1 Bg3 44.Kh1 Bf2 45.Qf1 Bh4 46.Rc2 Bg3 47.Qe2 f4 48.
Nc5 Qd5 49.Nd3 Re8 50.Qg4 Qe6 51.Qe2 Qf5 52.Rc4 f3 53.Qxf3 Qxf3 54.gxf3 e2
55.Rxd4 Re3 56.Re4 Rxd3 57.Rxe2 Rxf3 58.Kg2 Rc3 59.Re4 h5 60.Rc4 Rd3 61.h4
Bd6 62.Ra4 Kg7 63.Ra5 Kg6 64.Rg5+ Kh6 65.Ra5 Be7 66.Ra6+ Kg7 67.Ra4 Kg6 
68.Ra6+ Bf6 69.b4 Kf5 70.b5 Be5 71.b6 Kg4 72.b7 Rd2+ 73.Kf1 Rb2 74.Re6 Bf4
75.Re7 Kf3 76.a4 Rb1+ 77.Re1 Rxb7 78.a5 Be3 0-1

[Event "zonal 1.5"]
[Site "Panormo GRE"]
[Date "1998.10.29"]
[Round "6"]
[White "Chibukhchian, Artur"]
[Black "Grivas, Efstratios"]
[Result "1/2-1/2"]
[WhiteElo "2415"]
[BlackElo "2520"]
[EventDate "1998.10.24"]
[PlyCount "92"]

1.d4 Nf6 2.c4 g6 3.Nf3 Bg7 4.Nc3 O-O 5.e4 d6 6.Be2 e5 7.O-O Nc6 8.d5 Ne7 
9.b4 a5 10.bxa5 c5 11.a4 Rxa5 12.Ra3 Ra6 13.Re1 Kh8 14.Bf1 Neg8 15.Nb5 Bh6
16.Bb2 Ne8 17.g3 Bg7 18.Nh4 Nh6 19.Ng2 f5 20.f4 exf4 21.Bxg7+ Nxg7 22.Nxf4
g5 23.Ne6 Bxe6 24.dxe6 f4 25.e5 Nxe6 26.exd6 Nd4 27.Qa1 Rxd6 28.Nxd6 Qxd6 
29.Bg2 b6 30.Bd5 Qf6 31.Rf1 Ng4 32.Qd1 Qf5 33.Rd3 Kg7 34.Rxd4 Ne3 35.Rdxf4
gxf4 36.Qa1+ Qf6 37.Qxf6+ Rxf6 38.Rf3 Nxd5 39.cxd5 fxg3 40.Rxg3+ Rg6 41.
Kf2 Rxg3 42.Kxg3 Kf6 43.Kf4 c4 44.Ke4 c3 45.Kd3 Ke5 46.Kxc3 Kxd5 1/2-1/2

[Event "zonal 1.5"]
[Site "Panormo GRE"]
[Date "1998.10.29"]
[Round "6"]
[White "Mchedlishvili, Mikheil"]
[Black "Moutousis, Konstantinos"]
[Result "1/2-1/2"]
[WhiteElo "2390"]
[BlackElo "2475"]
[EventDate "1998.10.24"]
[PlyCount "89"]

1.Nf3 Nf6 2.b3 c5 3.Bb2 e6 4.c4 Be7 5.e3 Nc6 6.Be2 d5 7.cxd5 exd5 8.O-O 
O-O 9.d4 Bg4 10.Nbd2 Re8 11.Rc1 cxd4 12.Nxd4 Bd7 13.N2f3 Ne4 14.Bd3 Bd6 
15.Bb1 a6 16.h3 Qe7 17.Nd2 Rad8 18.Nxc6 Bxc6 19.Nf3 Bb8 20.Qd4 f6 21.a4 
Rd7 22.Qd1 Qd6 23.Bd4 Rde7 24.Re1 Bd7 25.Qc2 Qe6 26.Nd2 Nxd2 27.Qxd2 Qd6 
28.f4 Rf7 29.Qc2 g5 30.Rf1 Rg7 31.Kh1 Re4 32.Qc5 Qe6 33.Bxe4 Qxe4 34.Qc2 
gxf4 35.Qxe4 dxe4 36.exf4 Kf7 37.Kh2 h5 38.Bb6 Bc6 39.g3 Ke6 40.Be3 f5 41.
Rfd1 Rg8 42.Rd2 Bd6 43.h4 Bb8 44.Rcd1 Bc7 45.Rc1 1/2-1/2

[Event "zonal 1.5"]
[Site "Panormo GRE"]
[Date "1998.10.29"]
[Round "6"]
[White "Borg, Geoffrey"]
[Black "Pavlovic, Milos"]
[Result "0-1"]
[WhiteElo "2360"]
[BlackElo "2505"]
[EventDate "1998.10.24"]
[PlyCount "72"]

1.d4 e6 2.c4 Bb4+ 3.Nc3 b6 4.e4 Bb7 5.Bd3 f5 6.f3 Qh4+ 7.g3 Qh5 8.e5 Ne7 
9.a3 Bxc3+ 10.bxc3 O-O 11.h4 d6 12.Bf4 dxe5 13.Bxe5 Nec6 14.Bxc7 Na6 15.
Bf4 e5 16.Be3 exd4 17.cxd4 Rae8 18.Kf2 Rxe3 19.Kxe3 Qh6+ 20.Kf2 Nxd4 21.
Be2 Ne6 22.Nh3 Nac5 23.Qc1 f4 24.Nxf4 Nxf4 25.gxf4 Nb3 26.Qc3 Nxa1 27.Qxa1
Qxf4 28.Qc3 Re8 29.h5 h6 30.Rh3 Kh8 31.Qd3 Bc8 32.Rg3 Bf5 33.Qd1 Qe3+ 34.
Kf1 Kh7 35.Rg6 Qxe2+ 36.Qxe2 Rxe2 0-1

[Event "zonal 1.5"]
[Site "Panormo GRE"]
[Date "1998.10.29"]
[Round "6"]
[White "Papaioannou, Ioannis"]
[Black "Edzgveradze, Natalia"]
[Result "1-0"]
[WhiteElo "2520"]
[BlackElo "2310"]
[EventDate "1998.10.24"]
[PlyCount "67"]

1.d4 d5 2.Nf3 Nf6 3.c4 c6 4.e3 e6 5.Nbd2 c5 6.cxd5 Nxd5 7.e4 Nb4 8.a3 N4c6
9.dxc5 Bxc5 10.b4 Be7 11.Bb2 O-O 12.Be2 a6 13.O-O Nd7 14.Qc2 Nb6 15.Nb3 
Na4 16.Rad1 Qe8 17.Ba1 Bd7 18.Qd2 Rd8 19.Qf4 Na7 20.Na5 Nb5 21.Rd3 b6 22.
Nc4 f6 23.Qe3 Rb8 24.e5 Bc6 25.Bd1 Nc7 26.exf6 gxf6 27.Nd4 Bd5 28.Qh6 Kh8 
29.Rg3 Rf7 30.Ne3 Bf8 31.Qh4 Bb7 32.Bh5 Qd7 33.Bxf7 Qxf7 34.Nc6 1-0

[Event "zonal 1.5"]
[Site "Panormo GRE"]
[Date "1998.10.29"]
[Round "6"]
[White "Zaichik, Gennadi"]
[Black "Mastrovasilis, Athanasios"]
[Result "1-0"]
[WhiteElo "2505"]
[BlackElo "2315"]
[EventDate "1998.10.24"]
[PlyCount "109"]

1.c4 Nf6 2.Nc3 Nc6 3.d4 e5 4.d5 Ne7 5.e4 Ng6 6.Be3 Bb4 7.f3 Bxc3+ 8.bxc3 
d6 9.Bd3 Nh5 10.g3 O-O 11.Qc2 Bd7 12.a4 Ne7 13.Bf2 b6 14.Ne2 a5 15.h4 Ng6 
16.Be3 Qc8 17.Kf2 f6 18.g4 Nhf4 19.Bxf4 Nxf4 20.Nxf4 exf4 21.Qd2 Qe8 22.
Qxf4 Bxa4 23.Qd2 Bb3 24.Ra3 a4 25.Qe3 Qe5 26.Qd4 Qf4 27.Be2 Ra5 28.Qe3 
Qxe3+ 29.Kxe3 Rc5 30.Kd4 g6 31.f4 Re8 32.g5 Bc2 33.Bd3 Bxd3 34.Kxd3 Ra5 
35.gxf6 Kf7 36.Rha1 Kxf6 37.Rxa4 Rea8 38.Rxa5 bxa5 39.Ra4 h6 40.Kd4 g5 41.
hxg5+ hxg5 42.fxg5+ Kxg5 43.c5 Kf4 44.cxd6 cxd6 45.c4 Re8 46.Rxa5 Rxe4+ 
47.Kc3 Ke5 48.Ra7 Re3+ 49.Kb4 Kd4 50.Ra1 Re2 51.Kb5 Rh2 52.Rd1+ Ke5 53.c5 
dxc5 54.d6 Rb2+ 55.Kc4 1-0

[Event "zonal 1.5"]
[Site "Panormo GRE"]
[Date "1998.10.29"]
[Round "6"]
[White "Ivanisevic, Ivan"]
[Black "Stefanopoulos, Orestis"]
[Result "1-0"]
[WhiteElo "2475"]
[BlackElo "2320"]
[EventDate "1998.10.24"]
[PlyCount "69"]

1.d4 Nf6 2.c4 c5 3.d5 e6 4.Nc3 exd5 5.cxd5 d6 6.e4 g6 7.Bd3 Bg7 8.h3 O-O 
9.Bg5 Re8 10.Nf3 h6 11.Be3 c4 12.Bc2 b5 13.a3 a5 14.Nxb5 Nxe4 15.O-O Ba6 
16.Nfd4 Bxb5 17.Nxb5 Bxb2 18.Bxh6 Qh4 19.Rb1 Nc3 20.Nxc3 Bxc3 21.Qc1 Be5 
22.Bg5 Qd4 23.Rd1 Qa7 24.Ba4 Rc8 25.h4 c3 26.Qc2 Na6 27.h5 Rc4 28.Bc6 Rb8 
29.hxg6 Rxb1 30.Rxb1 Nc5 31.Be8 fxg6 32.Qxg6+ Bg7 33.Bf6 Na6 34.Re1 Kf8 
35.Be7+ 1-0

[Event "zonal 1.5"]
[Site "Panormo GRE"]
[Date "1998.10.29"]
[Round "6"]
[White "Lobzhanidze, Davit"]
[Black "Nikolaidis, Konstantinos"]
[Result "0-1"]
[WhiteElo "2455"]
[BlackElo "2335"]
[EventDate "1998.10.24"]
[PlyCount "60"]

1.e4 c5 2.Nf3 Nc6 3.d4 cxd4 4.Nxd4 Nf6 5.Nc3 e5 6.Ndb5 d6 7.Bg5 a6 8.Na3 
b5 9.Bxf6 gxf6 10.Nd5 f5 11.c3 Bg7 12.exf5 Bxf5 13.Nc2 Be6 14.g3 O-O 15.
Bg2 a5 16.O-O f5 17.Qh5 Kh8 18.Rad1 Rb8 19.Rd2 b4 20.Rfd1 bxc3 21.Nxc3 Nd4
22.Nxd4 exd4 23.Ne2 Bxa2 24.Nxd4 Qf6 25.Nc6 Rxb2 26.Rxd6 Qc3 27.Ne7 Bf7 
28.Qxf5 Be8 29.Qd5 Rbxf2 30.Rd8 Qe3 0-1

[Event "zonal 1.5"]
[Site "Panormo GRE"]
[Date "1998.10.29"]
[Round "6"]
[White "Simeonidis, Ioannis"]
[Black "Seitaj, Ilir"]
[Result "0-1"]
[WhiteElo "2310"]
[BlackElo "2395"]
[EventDate "1998.10.24"]
[PlyCount "54"]

1.d4 d5 2.c4 e6 3.Nf3 c5 4.cxd5 exd5 5.e3 Nc6 6.Bb5 Nf6 7.O-O Bd6 8.dxc5 
Bxc5 9.b3 O-O 10.Bb2 Bb6 11.Bxc6 bxc6 12.Nbd2 Re8 13.Qc2 c5 14.Rac1 d4 15.
e4 Bb7 16.Rfe1 Qe7 17.Ng5 Nd5 18.Nh3 Bc8 19.Qd3 Nb4 20.Qf3 Nxa2 21.Ra1 Nb4
22.Rac1 Qh4 23.Rb1 Bxh3 24.Qxh3 Qxh3 25.gxh3 Nd3 26.Red1 Nf4 27.h4 Ne2+ 
0-1

[Event "zonal 1.5"]
[Site "Panormo GRE"]
[Date "1998.10.29"]
[Round "6"]
[White "Nadanian, Ashot"]
[Black "Gogolis, Alexandros"]
[Result "1-0"]
[WhiteElo "2415"]
[BlackElo "2260"]
[EventDate "1998.10.24"]
[PlyCount "97"]

1.e4 c5 2.d3 Nc6 3.g3 g6 4.Bg2 Bg7 5.f4 e6 6.Nf3 Nge7 7.O-O O-O 8.c3 b6 9.
Na3 d5 10.e5 Ba6 11.Nc2 Qd7 12.Re1 d4 13.c4 Nf5 14.a3 h5 15.b4 Nce7 16.Ng5
b5 17.Ne4 Rac8 18.Nxc5 Rxc5 19.bxc5 bxc4 20.Nb4 Bb7 21.dxc4 Rc8 22.Nd3 Bf8
23.Rb1 Bc6 24.Bxc6 Qxc6 25.Rb2 Rd8 26.Qb3 Qf3 27.Rf2 Qa8 28.Rb2 Qf3 29.Rf1
Qe4 30.Nf2 Qc6 31.Qd3 Qxc5 32.Ne4 Qc7 33.Bd2 Ne3 34.Bxe3 dxe3 35.Qxe3 Nf5 
36.Qe2 Bxa3 37.Rd2 Rc8 38.Rb1 Kg7 39.Kg2 Qc6 40.Kh3 Be7 41.c5 Rc7 42.Nd6 
Qa8 43.Qe4 Qxe4 44.Nxe4 Ne3 45.Rd6 Nf5 46.Rb8 Ne3 47.Ra8 Nf5 48.Rd3 Bxc5 
49.Nf6 1-0

[Event "zonal 1.5"]
[Site "Panormo GRE"]
[Date "1998.10.29"]
[Round "6"]
[White "Sargissian, Gabriel"]
[Black "Khachian, Melikset"]
[Result "1-0"]
[WhiteElo "2290"]
[BlackElo "2370"]
[EventDate "1998.10.24"]
[PlyCount "85"]

1.d4 Nf6 2.c4 g6 3.Nc3 d5 4.cxd5 Nxd5 5.Na4 Bg7 6.e4 Nf6 7.f3 O-O 8.Be3 c6
9.Bd3 Nbd7 10.Ne2 b5 11.Nac3 e5 12.O-O Bb7 13.Qc2 Qe7 14.Rfd1 a6 15.dxe5 
Nxe5 16.Nf4 Rac8 17.Bf1 Nfd7 18.Rac1 h5 19.b3 Kh7 20.Qf2 Bh6 21.g3 Rcd8 
22.Bh3 Rfe8 23.Kg2 Qf6 24.Nce2 Bc8 25.Nd4 h4 26.Nfe2 Bxe3 27.Qxe3 Nf8 28.
Bxc8 Rxc8 29.f4 Ned7 30.e5 c5 31.Nf3 Qc6 32.Kf2 hxg3+ 33.hxg3 Ne6 34.Rh1+ 
Kg8 35.f5 Ng7 36.Qh6 Nh5 37.Rxh5 gxh5 38.f6 Nxf6 39.exf6 Rxe2+ 40.Kxe2 
Qe4+ 41.Kf2 Qg6 42.Qxg6+ fxg6 43.Ne5 1-0

[Event "zonal 1.5"]
[Site "Panormo GRE"]
[Date "1998.10.29"]
[Round "6"]
[White "Karapanos, Nikolaos"]
[Black "Karagiannis, Athanasios"]
[Result "0-1"]
[WhiteElo "2245"]
[BlackElo "2365"]
[EventDate "1998.10.24"]
[PlyCount "74"]

1.d4 Nf6 2.c4 e6 3.g3 c5 4.d5 exd5 5.cxd5 g6 6.Bg2 Bg7 7.Nc3 O-O 8.d6 Qa5 
9.Nh3 Nc6 10.O-O Rb8 11.Bg5 Nd4 12.Nf4 Ne6 13.Bxf6 Bxf6 14.Nfd5 Bg7 15.f4 
f5 16.e4 fxe4 17.f5 gxf5 18.Ne7+ Kh8 19.Rxf5 Rxf5 20.Nxf5 Bxc3 21.bxc3 
Qxc3 22.Bxe4 b6 23.Rc1 Qe5 24.Qg4 Ba6 25.Qh4 Rf8 26.Ne7 Qd4+ 27.Kh1 Rf7 
28.Ng6+ Kg7 29.Ne7 h6 30.Re1 Ng5 31.Qh5 Qxd6 32.h4 Rxe7 33.hxg5 Bb7 34.Qg4
h5 35.Qf3 Rxe4 36.Rxe4 Bxe4 37.Qxe4 Qc6 0-1

[Event "zonal 1.5"]
[Site "Panormo GRE"]
[Date "1998.10.29"]
[Round "6"]
[White "Karatekin, Tamer"]
[Black "Karadeniz, Emre"]
[Result "0-1"]
[WhiteElo "2325"]
[BlackElo "2220"]
[EventDate "1998.10.24"]
[PlyCount "79"]

1.e4 c5 2.Nf3 Nc6 3.d3 g6 4.g3 Bg7 5.Bg2 d6 6.O-O Nf6 7.Nbd2 O-O 8.a4 Rb8 
9.Nc4 Bg4 10.h3 Bxf3 11.Qxf3 Nd7 12.g4 a6 13.Qd1 b5 14.axb5 axb5 15.Ne3 b4
16.f4 Nd4 17.f5 Ne5 18.g5 Rb7 19.Rf2 Re8 20.h4 e6 21.f6 Bf8 22.Ng4 Qc8 23.
Nxe5 dxe5 24.b3 c4 25.bxc4 Bc5 26.Kf1 b3 27.c3 Nc2 28.Rxc2 bxc2 29.Qxc2 
Rd8 30.Bf3 Rbd7 31.Be2 h6 32.gxh6 Kh7 33.Kg2 Bb6 34.Bd2 Qc5 35.Rf1 Ra8 36.
Be1 Rda7 37.Bf2 Qc7 38.Bxb6 Qxb6 39.Rb1 Qe3 40.Bf3 0-1

[Event "zonal 1.5"]
[Site "Panormo GRE"]
[Date "1998.10.29"]
[Round "6"]
[White "Chilov, Alexandros"]
[Black "Kagas, Konstantinos"]
[Result "1-0"]
[WhiteElo "2205"]
[BlackElo "2140"]
[EventDate "1998.10.24"]
[PlyCount "121"]

1.d4 d5 2.c4 e6 3.Nf3 c6 4.Nbd2 Nf6 5.e3 Bd6 6.Bd3 Nbd7 7.O-O O-O 8.e4 
dxe4 9.Nxe4 Nxe4 10.Bxe4 e5 11.dxe5 Nxe5 12.Nxe5 Bxe5 13.Bxh7+ Kxh7 14.
Qh5+ Kg8 15.Qxe5 Qd3 16.b3 Rd8 17.Bb2 f6 18.Qe7 Qd6 19.Rfe1 Qxe7 20.Rxe7 
Rd7 21.Rae1 b6 22.f3 c5 23.g4 Kf8 24.Re8+ Kf7 25.g5 Bb7 26.R8e6 fxg5 27.
R6e5 g6 28.Re6 Rad8 29.Bc3 Ba8 30.Rf6+ Kg7 31.Ree6 Rf7 32.Rxg6+ Kf8 33.Bf6
Rdd7 34.Rh6 Rh7 35.Bxg5 Rxh6 36.Bxh6+ Kf7 37.Re3 Kg6 38.Bf4 Rf7 39.Bb8 
Bxf3 40.Bxa7 Rxa7 41.Rxf3 Rxa2 42.Rd3 b5 43.cxb5 Ra5 44.Rd6+ Kf7 45.Rb6 
Ra1+ 46.Kf2 Rb1 47.Ke3 Rxb3+ 48.Ke4 c4 49.Kd4 c3 50.Kd3 c2+ 51.Kxc2 Rh3 
52.Rd6 Rxh2+ 53.Kc3 Ke7 54.Rd4 Ke6 55.Kb4 Ra2 56.Kc5 Rc2+ 57.Kb6 Rc3 58.
Kb7 Rb3 59.b6 Ke7 60.Kc7 Rc3+ 61.Kb8 1-0

[Event "zonal 1.5"]
[Site "Panormo GRE"]
[Date "1998.10.29"]
[Round "6"]
[White "Raptis, Georgios"]
[Black "Psomiadis, Stavros"]
[Result "0-1"]
[WhiteElo "2140"]
[BlackElo "2155"]
[EventDate "1998.10.24"]
[PlyCount "60"]

1.Nf3 d5 2.b3 Bf5 3.e3 h6 4.Bb2 Nd7 5.Be2 Ngf6 6.d3 e6 7.Nbd2 Be7 8.O-O 
Bh7 9.Ne5 Nxe5 10.Bxe5 O-O 11.Kh1 Nd7 12.f4 Nxe5 13.fxe5 Bg5 14.Rf3 f6 15.
exf6 Rxf6 16.Rg3 Qe7 17.Nf1 Raf8 18.c4 c6 19.h3 Bh4 20.Rf3 Rxf3 21.Bxf3 
Bf6 22.d4 dxc4 23.bxc4 e5 24.Qa4 exd4 25.Qxa7 Be4 26.Bg4 dxe3 27.Rc1 e2 
28.Bxe2 Bxg2+ 29.Kxg2 Qxe2+ 30.Kg1 Be5 0-1

[Event "zonal 1.5"]
[Site "Panormo GRE"]
[Date "1998.10.30"]
[Round "7"]
[White "Bagaturov, Giorgi"]
[Black "Atalik, Suat"]
[Result "1/2-1/2"]
[WhiteElo "2540"]
[BlackElo "2585"]
[EventDate "1998.10.24"]
[PlyCount "81"]

1.d4 d5 2.Nf3 Nf6 3.c4 c6 4.Nc3 e6 5.Bg5 h6 6.Bxf6 Qxf6 7.e3 Nd7 8.Bd3 
dxc4 9.Bxc4 g6 10.O-O Qe7 11.e4 Bg7 12.Qe2 O-O 13.Rad1 b5 14.Bd3 b4 15.Na4
c5 16.Bb5 cxd4 17.Nxd4 Bb7 18.Nxe6 Qxe6 19.Bxd7 Qxe4 20.Qxe4 Bxe4 21.Nc5 
Bf5 22.Bxf5 gxf5 23.Na6 Bxb2 24.Nxb4 Rfe8 25.Nd5 Re4 26.Rd2 Bg7 27.g3 Rae8
28.Kg2 Ra4 29.Rc1 Kf8 30.Rc7 Rd8 31.Re2 Re4 32.Rxe4 fxe4 33.Ne3 Bd4 34.Nf5
Bb6 35.Rc2 h5 36.g4 hxg4 37.Kg3 Kg8 38.Kxg4 Rd3 39.Kf4 Rh3 40.Kxe4 Rxh2 
41.Kf3 1/2-1/2

[Event "zonal 1.5"]
[Site "Panormo GRE"]
[Date "1998.10.30"]
[Round "7"]
[White "Pavlovic, Milos"]
[Black "Papaioannou, Ioannis"]
[Result "0-1"]
[WhiteElo "2505"]
[BlackElo "2520"]
[EventDate "1998.10.24"]
[PlyCount "102"]

1.Nf3 Nf6 2.c4 e6 3.g3 d5 4.Bg2 c6 5.Qc2 Bd6 6.O-O O-O 7.d4 Nbd7 8.Nbd2 
Qe7 9.Re1 e5 10.cxd5 Nxd5 11.dxe5 Nxe5 12.Nxe5 Bxe5 13.Nc4 Bd4 14.e3 f5 
15.Bd2 Bc5 16.a3 a6 17.Na5 Rf7 18.Rad1 Ba7 19.Nb3 Bd7 20.Ba5 Re8 21.Nd4 
Qf6 22.Qc4 g5 23.Bxd5 cxd5 24.Qxd5 f4 25.exf4 Rxe1+ 26.Bxe1 gxf4 27.Rd3 h6
28.Bc3 Qg6 29.Rf3 Bh3 30.Nc2 Qxc2 31.Qd8+ Rf8 32.Qd5+ Kh7 33.Qxb7+ Kg6 34.
Qg7+ Kh5 35.Qe5+ Qf5 36.Rxf4 Qxe5 37.Bxe5 Rxf4 38.Bxf4 Kg6 39.b4 h5 40.Bd6
Kf5 41.a4 Ke4 42.a5 Kd5 43.Bc5 Bxc5 44.bxc5 Kxc5 45.f3 Kb5 46.Kf2 Kxa5 47.
Ke3 Kb4 48.Kd2 Kb3 49.Kc1 Bf5 50.g4 Bxg4 51.fxg4 hxg4 0-1

[Event "zonal 1.5"]
[Site "Panormo GRE"]
[Date "1998.10.30"]
[Round "7"]
[White "Tzermiadianos, Andreas"]
[Black "Damljanovic, Branko"]
[Result "1-0"]
[WhiteElo "2465"]
[BlackElo "2555"]
[EventDate "1998.10.24"]
[PlyCount "99"]

1.e4 g6 2.d4 Bg7 3.Nc3 c6 4.f4 d5 5.e5 h5 6.Nf3 Bg4 7.Be3 Nh6 8.h3 Bxf3 9.
Qxf3 h4 10.Bd3 e6 11.O-O Nd7 12.Ne2 Bf8 13.b3 Be7 14.c4 Kf8 15.Kh2 a5 16.
Ng1 Kg7 17.Qe2 Nf5 18.Bf2 a4 19.Nf3 Qa5 20.Rab1 axb3 21.axb3 Qb4 22.Rfc1 
Qb6 23.c5 Qd8 24.b4 Ra3 25.b5 Qa8 26.b6 Qa4 27.Bxf5 gxf5 28.Qe1 Nf8 29.Ra1
Ng6 30.Rxa3 Qxa3 31.Ra1 Qd3 32.Be3 Rb8 33.Qc1 f6 34.Ra7 Kf7 35.Ra3 Qe2 36.
Ng1 Qb5 37.Qd2 Qc4 38.Nf3 Rg8 39.Ra7 Rb8 40.Qd1 Qb5 41.exf6 Bxf6 42.Ne5+ 
Bxe5 43.fxe5 f4 44.Bxf4 Qc4 45.Bg5 Qc3 46.Bxh4 Nxh4 47.Qh5+ Ng6 48.Qh7+ 
Kf8 49.Qxg6 Qxd4 50.Qf6+ 1-0

[Event "zonal 1.5"]
[Site "Panormo GRE"]
[Date "1998.10.30"]
[Round "7"]
[White "Banikas, Hristos"]
[Black "Gelashvili, Tamaz"]
[Result "1/2-1/2"]
[WhiteElo "2490"]
[BlackElo "2510"]
[EventDate "1998.10.24"]
[PlyCount "41"]

1.d4 Nf6 2.c4 e6 3.Nf3 b6 4.a3 Bb7 5.Nc3 d5 6.cxd5 Nxd5 7.Bg5 Be7 8.Bxe7 
Qxe7 9.Qa4+ c6 10.Nxd5 exd5 11.e3 O-O 12.Be2 Nd7 13.O-O a5 14.Bd3 f5 15.b4
g6 16.Qb3 a4 17.Qc3 Rfe8 18.Rac1 b5 19.Rfe1 Qg7 20.Re2 Re7 21.g3 1/2-1/2

[Event "zonal 1.5"]
[Site "Panormo GRE"]
[Date "1998.10.30"]
[Round "7"]
[White "Supatashvili, Khvicha"]
[Black "Vouldis, Angelos"]
[Result "0-1"]
[WhiteElo "2495"]
[BlackElo "2475"]
[EventDate "1998.10.24"]
[PlyCount "76"]

1.d4 e6 2.c4 Bb4+ 3.Bd2 a5 4.Nf3 f5 5.Nc3 Nf6 6.g3 O-O 7.Bg2 d6 8.O-O Qe7 
9.a3 Bxc3 10.Bxc3 Ne4 11.Qc2 a4 12.Rac1 Nc6 13.Rfd1 Nxc3 14.Qxc3 e5 15.
dxe5 dxe5 16.Rd5 Re8 17.h4 f4 18.Rcd1 h6 19.Re1 e4 20.Nd4 e3 21.Rf1 Ne5 
22.gxf4 exf2+ 23.Rxf2 Ng4 24.Nf3 c6 25.Rh5 Qe3 26.Qxe3 Rxe3 27.Nd4 Nxf2 
28.Kxf2 Bg4 29.Rc5 Rae8 30.Ra5 Bxe2 31.Rxa4 Bd1 32.Ra7 Rd3 33.Nf5 Re2+ 34.
Kg1 Rxb2 35.c5 Bf3 36.Ra8+ Kh7 37.Bf1 Rd1 38.Ne3 Re1 0-1